[Event "UZB-ch"]
[Site "Tashkent"]
[Date "2019.07.13"]
[Round "12"]
[White "Khoroshev, Nikita"]
[Black "Sabirov, Asilbek"]
[Result "1-0"]
[WhiteElo "2414"]
[BlackElo "2147"]
[PlyCount "87"]
[EventDate "2019.07.02"]
[EventType "tourn"]
[EventRounds "13"]
[EventCountry "UZB"]
[EventCategory "6"]
[SourceTitle "CBM 191 Extra"]
[Source "ChessBase"]
[SourceDate "2019.09.30"]
[SourceVersion "1"]
[SourceVersionDate "2019.09.30"]
[SourceQuality "1"]

1. d4 Nf6 2. Bf4 d5 3. e3 c5 4. c3 Nc6 5. Nd2 Bf5 6. Qb3 Qc8 7. dxc5 e6 8. Qa3 e5 9. Bg3 a5 10. Qa4 Nd7 11. Nb3 Bc2 12. Rc1 Nxc5 13. Qb5 Bxb3 14. axb3 e4 15. Rd1 Qf5 16. Ne2 Nd3+ 17. Rxd3 exd3 18. Nf4 d2+ 19. Kxd2 Qb1 20. Nd3 Ba3 21. bxa3 0-0 22. Ne1 a4 23. b4 d4 24. exd4 Rac8 25. Qd3 Qa2+ 26. Nc2 Rfd8 27. Be2 Nxd4 28. cxd4 Rxd4 29. Qxd4 Rxc2+ 30. Ke3 Rxe2+ 31. Kf3 Re8 32. Re1 Qxa3+ 33. Re3 Rxe3+ 34. Qxe3 Qxb4 35. Qe8+ Qf8 36. Qxf8+ Kxf8 37. Bd6+ Ke8 38. Ke4 f5+ 39. Kxf5 Kd7 40. Ke5 Kc6 41. Ba3 g5 42. f3 b5 43. Bb4 h6 44. g3 1-0

[Event "UZB-ch"]
[Site "Tashkent"]
[Date "2019.07.10"]
[Round "9"]
[White "Sabirov, Asilbek"]
[Black "Karimov, Ibragim"]
[Result "0-1"]
[WhiteElo "2147"]
[BlackElo "2211"]
[PlyCount "142"]
[EventDate "2019.07.02"]
[EventType "tourn"]
[EventRounds "13"]
[EventCountry "UZB"]
[EventCategory "6"]
[SourceTitle "CBM 191 Extra"]
[Source "ChessBase"]
[SourceDate "2019.09.30"]
[SourceVersion "1"]
[SourceVersionDate "2019.09.30"]
[SourceQuality "1"]

1. d4 Nf6 2. Nf3 g6 3. Bf4 Bg7 4. e3 d6 5. h3 0-0 6. Be2 Nbd7 7. 0-0 b6 8. a4 a5 9. Bh2 Bb7 10. c3 Qe8 11. Na3 e5 12. Nb5 Rc8 13. Na7 e4 14. Nd2 Ra8 15. Nb5 Qd8 16. Qc2 Re8 17. Rfb1 Nd5 18. b4 Bc6 19. Bc4 N7f6 20. bxa5 bxa5 21. Nb3 Qd7 22. Bf1 g5 23. c4 Ne7 24. Qd2 g4 25. Nxa5 Bxb5 26. axb5 gxh3 27. gxh3 Nf5 28. Nb3 Nh4 29. Qe2 Nf3+ 30. Kh1 Rac8 31. Nd2 Qf5 32. b6 cxb6 33. Rxb6 d5 34. c5 Nd7 35. Rba6 Nxc5 36. dxc5 Bxa1 37. Rxa1 Nxh2 38. Rc1 Nxf1 39. Qxf1 Re6 40. Nb3 Rh6 41. Kh2 Qe5+ 42. Kh1 Rhc6 43. Qd1 Kh8 44. Qd4 f6 45. Rg1 Qxd4 46. exd4 Rb8 47. Rg3 Rb4 48. Rc3 Rc8 49. Kh2 Rcb8 50. Na5 Rxd4 51. c6 Ra4 52. Rc5 d4 53. Nc4 Ra7 54. Nd6 Rc7 55. Nxe4 Rd8 56. Kg3 d3 57. Nd2 Rd6 58. Kf4 Rcxc6 59. Rxc6 Rxc6 60. Ke3 Rd6 61. Ne4 Rd8 62. Kd2 Kg7 63. Nc5 Kg6 64. Nxd3 Kf5 65. Ke3 Ra8 66. f3 Ra3 67. Ke2 Rxd3 68. Kxd3 Kf4 69. Ke2 Kg3 70. Ke3 f5 71. h4 h5 0-1

[Event "Agzamov Memorial 13th"]
[Site "Tashkent"]
[Date "2019.03.12"]
[Round "1"]
[White "Ivanov, Sergey"]
[Black "Sabirov, Asilbek"]
[Result "1-0"]
[WhiteElo "2509"]
[BlackElo "2126"]
[PlyCount "71"]
[EventDate "2019.03.12"]
[EventType "swiss"]
[EventRounds "9"]
[EventCountry "UZB"]
[SourceTitle "CBM 189 Extra"]
[Source "ChessBase"]
[SourceDate "2019.05.31"]
[SourceVersion "1"]
[SourceVersionDate "2019.05.31"]
[SourceQuality "1"]

1. d4 d5 2. c4 e6 3. Nf3 a6 4. e3 Nf6 5. b3 Bb4+ 6. Nbd2 b6 7. Bd3 Bb7 8. 0-0 Nbd7 9. Bb2 0-0 10. Rc1 Re8 11. Qc2 Rc8 12. Ne5 c5 13. Ndf3 cxd4 14. exd4 Nxe5 15. dxe5 Ne4 16. Qe2 Ng5 17. Nxg5 Qxg5 18. cxd5 Bxd5 19. f4 Qh4 20. Bxa6 Bc5+ 21. Kh1 Ra8 22. Bc3 Rxa6 23. Qxa6 Be3 24. Be1 Qg4 25. Rc2 Qg6 26. Qe2 h6 27. f5 exf5 28. Qxe3 f4 29. Qe2 Be4 30. Rc3 Rxe5 31. Bd2 Rg5 32. Rf2 f3 33. Rcxf3 Bxf3 34. Qxf3 Re5 35. h3 Re7 36. Bc3 1-0